|
|
|
|
| LEADER |
00000nam0a2200000 4500 |
| 001 |
375851 |
| 005 |
20231102012754.0 |
| 010 |
|
|
|a 5808400368
|
| 020 |
|
|
|a RU
|b 91-1788
|
| 035 |
|
|
|a (RuTPU)RU\TPU\retro\33290
|
| 035 |
|
|
|a RU\TPU\book\251383
|
| 090 |
|
|
|a 375851
|
| 100 |
|
|
|a 20221221d1990 km y0rusy5003 ca
|
| 101 |
0 |
|
|a rus
|
| 102 |
|
|
|a AM
|
| 105 |
|
|
|a a z 001zy
|
| 200 |
1 |
|
|a Сверхтождества и сверхмногообразия в алгебрах
|f Ю. М. Мовсисян
|g Ереванский государственный университет
|
| 210 |
|
|
|a Ереван
|c Изд-во Ереванского ун-та
|d 1990
|
| 215 |
|
|
|a 232 с.
|c ил.
|
| 320 |
|
|
|a Библиогр.: с. 224-230 (152 назв.).
|
| 610 |
1 |
|
|a многообразия
|
| 610 |
1 |
|
|a алгебра
|
| 610 |
1 |
|
|a алгебраические выражения
|
| 610 |
1 |
|
|a тождественные преобразования
|
| 675 |
|
|
|a 512.7
|z rus
|
| 700 |
|
1 |
|a Мовсисян
|b Ю. М.
|g Юрик Мовсесович
|4 070
|
| 712 |
0 |
2 |
|a Ереванский государственный университет
|2 stltpush
|3 (RuTPU)RU\TPU\col\11856
|9 25274
|
| 801 |
|
0 |
|a RU
|b RuMRKP
|c 19950417
|g psbo
|
| 801 |
|
1 |
|a RU
|b 63413507
|c 20130122
|
| 801 |
|
2 |
|a RU
|b 63413507
|c 20221221
|g RCR
|
| 942 |
|
|
|c BK
|